000 00349 a2200157 4500
001 160840
020 _a
040 _cMagnum
100 _aGiacomo, Maria Thereza Cunha de
240 1 0 _aBitu, o carneirinho sujo
_lpor
245 1 0 _aBitu, o carneirinho sujo
362 0 _a1899
440 1 _aMelhoramentos
697 _aIJ/ANIMAIS
942 _cBK
999 _c160840
_d160840